|
|
|
|
| LEADER |
01342nam a2200385 a 4500 |
| 001 |
000357746 |
| 003 |
CZ BrMZK |
| 005 |
20210310085856.0 |
| 007 |
ta |
| 008 |
980115s1998 au e 0bger d |
| 020 |
|
|
|z 3-9014-5057-6
|
| 040 |
|
|
|a BOA001
|b cze
|
| 043 |
|
|
|a e-au---
|
| 045 |
|
|
|a w9x4
|
| 072 |
|
7 |
|a 27-78
|x Křesťanská sdružení, spolky a organizace. Řeholní řády
|2 Konspekt
|9 5
|
| 080 |
|
|
|a 27-788-055.2
|2 MRF
|
| 080 |
|
|
|a 27-788-1/-9
|2 MRF
|
| 080 |
|
|
|a 929
|2 MRF
|
| 080 |
|
|
|a (436)
|2 MRF
|
| 080 |
|
|
|a (092)
|2 MRF
|
| 100 |
1 |
|
|a Kafka, Maria Restituta,
|d 1894-1943
|7 mzk2002157095
|4 aut
|
| 245 |
1 |
0 |
|a Märtyrin aus dem Widerstand :
|b Dokumentation /
|c Maria Restituta Kafka.
|
| 246 |
1 |
4 |
|a Schwester Maria Restituta Kafka
|
| 260 |
|
|
|a Innsbruck :
|b Kirche,
|c 1998
|
| 300 |
|
|
|a 95 s. :
|b barev. il. ;
|c 23 cm
|
| 541 |
|
|
|a Brno, Muzeum města Brna
|
| 600 |
1 |
7 |
|a Kafka, Maria Restituta,
|d 1894-1943
|7 mzk2002157095
|
| 648 |
|
7 |
|a 20. století
|7 ch460558
|
| 648 |
|
4 |
|a 1894-1943
|
| 650 |
0 |
7 |
|a řeholnice
|7 ph128281
|z Rakousko
|y 20. století
|2 czenas
|
| 650 |
0 |
7 |
|a řeholní život
|7 ph128285
|z Rakousko
|y 20. století
|2 czenas
|
| 655 |
|
7 |
|a biografie
|7 fd131909
|2 czenas
|
| 910 |
|
|
|a BOA001
|b 2-1050.078
|
| 990 |
|
|
|a BK
|
| 996 |
7 |
|
|b 2610078652
|c 2-1050.078
|l MZK
|r Sklad / do 1 hodiny
|n 7
|p kup zahr
|w 000357746
|u 000010
|a 1
|e BOA001
|j MZK50
|s A
|